000 00564nam a2200241Ia 4500
003 OSt
005 20221005124123.0
006 a|||||r|||| 00| 0
007 ta
008 221004b |||||||| |||| 00| 0 tam d
024 _a45506
037 _cTextual
040 _aCRL
_cCRL
_btam
041 _2tam
_atam
082 _aH4221, 31L6
100 _aRajaram Au.
_9185950
245 0 _aMazhai
260 _c1971
300 _a47p.
_ccm.
650 _aGEOLOGY
942 _hH4221, 31L6
_cTEXL
_2cc
999 _c1049532
_d1049532